| 000 | 00415nam a2200169Ia 4500 | ||
|---|---|---|---|
| 008 | 151213s9999 xx 000 0 und d | ||
| 020 | _a9.880197991e+011 | ||
| 100 | _aOxford | ||
| 245 |
_aOxford Advanced Learner's Dictionary _cOxford |
||
| 250 | _a8th | ||
| 260 |
_aNew York _bOxford University _c2010 |
||
| 300 | _a8501 p. | ||
| 650 | _aDictionary | ||
| 650 | _aReference | ||
| 700 | _aOxford | ||
| 999 |
_c4338 _d4338 |
||